000 01660nam a2200469 c 4500
001 53003
003 ES-MaCES
005 20250203132934.0
007 cr |||||||||||
008 240122s2023 sp 000 ||spa d
017 _aNA 1115-2023
_bDL
020 _a9788411636544
020 _a9788411636568 (electrónico)
040 _aES-MaCES
_bspa
_cES-MaCES
100 1 _940867
_aRodríguez Castaño, Antonio Ramón
245 1 3 _aLa administración de fondos públicos y su patología
_c[Alberto Palomar Olmeda, dir.] ; Antonio Ramón Rodríguez Castaño, autor
250 _a1ª ed
260 _aCizur Menor (Navarra)
_bAranzadi
_c2023
300 _a156 p.
_c21 cm
490 1 _aLos Diez Esenciales de Aranzadi. Administrativo
_v2
500 _aPublicación en formato DÚO (papel + libro ectrónico)
504 _aBibliografía: p. 153-156
541 _cCompra
650 4 _agasto público
_928076
650 0 4 _apresupuesto
_928276
650 0 4 _asubvención
_928117
650 0 4 _acontrato
_929505
650 0 4 _asector público
_927150
650 0 4 _aasignación de recursos
_927024
650 0 4 _aadministración financiera
_927208
650 0 4 _aanálisis de costes y beneficios
_928281
650 0 4 _amecanismo de control
_929918
650 0 4 _aEspaña
_926964
650 0 4 _aanálisis económico
_927070
650 0 4 _arégimen jurídico
_929894
653 1 0 _aHacienda Pública
700 1 _920295
_aPalomar Olmeda, Alberto
_edir.
830 4 _aLos Diez Esenciales de Aranzadi
_940868
_v2
_pAdministrativo
856 4 _uhttps://miespacio.aranzadilaley.es/Account/Login
_zARANZADI
902 _aLIB Libro
942 _2CES
_cBK
_h0.1.
999 _c53003
_d53003